Analýza erózie na povodí Svacenického jarku

Gespeichert in:
Bibliographische Detailangaben
1. Verfasser: Rešutíková, Ivana (Verfasst von)
Weitere Verfasser: Kohnová, Silvia (Betreuung Doktorarbeit)
Format: Manuskript Buch
Sprache:Slowakisch
Veröffentlicht: 2016
Schlagworte:
Online-Zugang:http://is.stuba.sk/zp/portal_zp.pl?podrobnosti=117531
https://opac.crzp.sk/?fn=detailBiblioForm&sid=41728D440EB1EF629210108922FE
Tags: Tag hinzufügen
Keine Tags, Fügen Sie das erste Tag hinzu!

MARC

LEADER 00000ntm a22000003a 4500
001 stuzp55888
003 SK-STU
005 20231004143951.8
007 ta
008 150427s2015----xo-----f-mn---000-0-slo-d
040 |a STU  |b slo 
041 0 |a slo 
100 1 |a Rešutíková, Ivana  |u 010160  |4 aut  |U SvF Stavebná fakulta  |T SvF Katedra vodného hospodárstva krajiny  |X 7304  |U V160  |Y 16  |7 A000007304 
242 0 1 |a Analysis of erosion on the catchment of Svacenický jarok  |y eng 
245 1 0 |a Analýza erózie na povodí Svacenického jarku 
260 |c 2016 
650 4 |a erózia  |2 slo 
650 4 |a sedimenty  |2 slo 
650 4 |a polder  |2 slo 
650 4 |a sediments  |2 eng 
650 4 |a polder  |2 eng 
650 4 |a erosion  |2 eng 
700 1 |a Kohnová, Silvia  |u 010160  |k Z1  |4 ths  |U SvF Stavebná fakulta  |T SvF Katedra vodného hospodárstva krajiny  |X 2746  |U V160  |Y 16  |7 A000002746 
856 4 |u http://is.stuba.sk/zp/portal_zp.pl?podrobnosti=117531 
856 4 |u https://opac.crzp.sk/?fn=detailBiblioForm&sid=41728D440EB1EF629210108922FE 
SQL |a stuzp55888  |b DDP  |c SLO  |d Analýza erózie na povodí Svacenického jarku  |e 7304  |f Rešutíková, Ivana  |g 010160  |h 2746  |i Kohnová, Silvia  |j 20160615  |k 580  |l 01  |m http://is.stuba.sk/zp/portal_zp.pl?podrobnosti=117531  |n I-KKP  |o 6.1.11. krajinárstvo